| 000 | 01094nam a22002297a 4500 | ||
|---|---|---|---|
| 005 | 2012042003313.0 | ||
| 008 | 080929t xxu||||| |||| 00| 0 hin d | ||
| 010 | _a | ||
| 020 |
_a8174874577 _c750.00 |
||
| 035 | _aB-242077 | ||
| 037 | _bराधा पब्लि./ | ||
| 040 |
_aDPL _bHN |
||
| 082 | _a370.1 | ||
| 100 |
_aरावत, ज्ञानेन्द्र _945482 |
||
| 245 |
_aशिक्षा का स्वरूप _cज्ञानेन्द्र रावत |
||
| 260 |
_aनई दिल्ली _bराधा पब्लिकेशन्स _c2006 |
||
| 270 |
_a4231/1,अंसारी रोड,दरियागंज _bनई दिल्ली _e110002 _k23247003, 23254306 |
||
| 300 |
_aXVI,398 _c22सेमी(सजिल्द) |
||
| 942 |
_2ddc _cHN _h370.1 _mरावत |
||
| 999 |
_c65364 _d65364 |
||